tunisian cities with B - Statistiques

Statistiques générales
  • Ce quiz a été pris 40 fois
  • Le résultat moyen est 3 sur 15
Statistiques - réponses
cities % Correct
1 Béja
80%
3 Bizerte
80%
2 Ben Arous
57%
6 Ben Guerdane
27%
13 Beni Khalled
10%
12 Beni Khiar
10%
14 Bou Merdes
7%
5 Bou Salem
7%
7 Bouficha
3%
8 Bouhjar
3%
9 Bou Mhel El-Bassatine
3%
4 Bir Ali Ben Khalifa
0%
11 Bir Lahmar
0%
15 Bou Argoub
0%
10 Bouhajla
0%
Aucun quiz correspondant
Distribution des résultats
% des personnes avec chaque résultat
Percentile par nombre de réponses
Votre historique - résultats
Vous n’avez pas pris ce quiz